000 01029nam a2200217 a 4500
008 120319c20049999||||||||||||||||| || u
050 _aCD/HF 1016 Uni
110 _aUnited Nations Conference on Trade and Development (UNCTAD)
245 1 0 _aUNCTAD handbook of statistics 2004 [electronic resource]
_cUnited Nations Conference on Trade and Development (UNCTAD)
_h[cd-rom]
246 _aManuel de statistiques de la CNUCED
260 _aNew York
_bUnited Nations
_c2004
300 _a4 3/4 in.
350 _a0.00
500 _aEnglish and French
650 _aUNITED NATIONS -- STATISTICS
650 3 _aP0PULATION STATISTICS
650 _aINTERNATIONAL TRADE--HANDBOOK, MANUALS, ETC
650 0 _aCOMMERCIAL STATISTICS
995 _ae-RESOURCES
_D0.00
_e03008663
_FCBU-MAIN LIBRARY (Kitwe)
_H1
_I0.00
_jCD/HF 1016 Uni
_M2
_UAVAILABLE
_WMar 19, 2012
_yZ03008663
_Ze-Media Collection
995 _ae-RESOURCES
_D0.00
_e03008608
_FCBU-MAIN LIBRARY (Kitwe)
_H1
_I0.00
_jCD/HF 1016 Uni
_M1
_UAVAILABLE
_WFeb 24, 2012
_yZ03008608
_Ze-Media Collection
999 _c78436
_d78436